000 03156nam a2200265 4500
003 vecauma
005 20260415131244.0
007 ta
008 260415b ve ||||| |||| 00| 0 spa d
020 _a8474900654
040 _avecauma
_bspa
_cvecauma
_dvecauma
_erda
041 _aspa
100 1 _eautor
245 1 _aHuid del escepticismo
_bUna educación liberal como si la verdad contara para algo
_c/ Christopher Derrick
250 _a2 ed.
264 _aMadrid, España:
_bEdiciones encuentro;
_c1997.
300 _a177 páginas.
336 _atexto
_btxt
_2rdacontenido
337 _ano mediado
_bn
_2rdamedio
338 _avolumen
_bnc
_2rdasoporte
505 0 _aLa condición estudiantil / Una educación para la libertad / En el supermercado / El escepticismo y los profesores / Un cerdo es un cerdo / ¿Quién pretende saber? / La palabra <<católico>> / Las siete artes liberales / Sueño y realidad /
520 3 _aChristopher Derrick, discípulo de C.S. Lewis, es un conocido crítico literario y polemista inglés, cuyos artículos y recensiones aparecen en gran número de periódicos ingleses y norteamericanos. Su amistad con E. F. Schumacher, el famoso autor de Lo pequeño es hermoso, se ha traducido en una fecunda colaboración . Este libro se inserta en la gran tradición anglosajona del debate cultural ente el sentido común, el sentido religioso y las ideologías. El autor se basa en el insólito caso de un college norteamericano, donde profesores y estudiantes no viven inmersos en el relativismo sino que, a partir de una experiencia de vida cristiana, constituyen un lugar efectivo de educación para la libertad y relativismo, que abre en la vida del hombre un camino hacia la esclavitud y no un progreso hacia la libertad.
942 1 _2lcc
_n0
_cBK
999 _c13372
_d13372